000 nam a22 7a 4500
999 _c129473
_d129473
008 190426b xxu||||| |||| 00| 0 eng d
050 _aBX1936.25.2195 O49
100 _aOlkovikas, Rev. Albert W.
_946011
245 _aThe instantia of the lawsuit:
_ba historical conspectus and a commentary
_c/ by Rev. Albert W. Olkovikas
260 _aWashingto, D. C.:
_bThe Catholic University of America Press,
_c1957.
300 _a107p. ;
_c23cm.
440 _aThe Catholic University of America Canon Law Studies
_pno. 371
_946012
650 _aProcesses
_xCanon law
_946013
942 _2lcc
_cMONOGRAPH